[Event "TUR-chT 1st League"]
[Site "Konya"]
[Date "2018.07.17"]
[Round "3.10"]
[White "Kose, Serkan"]
[Black "Dogan, Mire Deniz"]
[Result "0-1"]
[WhiteElo "2053"]
[BlackElo "2037"]
[PlyCount "102"]
[EventDate "2018.07.16"]
[EventType "team-swiss"]
[EventRounds "9"]
[EventCountry "TUR"]
[SourceTitle "EXT 2019"]
[Source "ChessBase"]
[SourceDate "2018.10.10"]
[SourceVersion "1"]
[SourceVersionDate "2018.10.10"]
[SourceQuality "1"]
[WhiteTeam "Karaman Saglik"]
[BlackTeam "Aydin Egitim Merkezi"]
[WhiteTeamCountry "TUR"]
[BlackTeamCountry "TUR"]

1. e4 e6 2. d4 d5 3. e5 c5 4. c3 Nc6 5. Nf3 Qb6 6. Be2 Bd7 7. dxc5 Bxc5 8. 0-0 a5 9. c4 Nd4 10. Nc3 Nxe2+ 11. Qxe2 dxc4 12. Qxc4 Bc6 13. Na4 Qb4 14. Qxc5 Bxf3 15. Qxb4 axb4 16. Nb6 Ra6 17. Be3 Bc6 18. Nc8 Kd7 19. Nd6 Ne7 20. Bc5 Nd5 21. Nxf7 Rha8 22. a3 b6 23. Bd6 h6 24. Rac1 bxa3 25. Bxa3 b5 26. Rfd1 Ra4 27. Bc5 Ra2 28. Rd2 Ra1 29. Rcd1 R8a2 30. b4 Kc7 31. f3 Rxd1+ 32. Rxd1 Nf4 33. Kh1 Nxg2 34. Nd8 Bd5 35. Rxd5 exd5 36. Ne6+ Kd7 37. Nxg7 Nf4 38. h4 Re2 39. Bd4 Ne6 40. Nf5 h5 41. Bc3 Rc2 42. Bd4 Rc4 43. Bf2 Rxb4 44. Kg2 Nf4+ 45. Kg3 Ne2+ 46. Kg2 Ke6 47. Ne3 d4 48. Nc2 d3 49. Ne3 d2 50. f4 Nxf4+ 51. Kf3 Rb3 0-1

[Event "TUR-chT 1st League"]
[Site "Konya"]
[Date "2017.07.20"]
[Round "5.8"]
[White "Kose, Serkan"]
[Black "Yelligedik, Murat"]
[Result "1/2-1/2"]
[WhiteElo "2068"]
[BlackElo "2014"]
[PlyCount "115"]
[EventDate "2017.07.17"]
[EventType "team-swiss"]
[EventRounds "9"]
[EventCountry "TUR"]
[SourceTitle "CBM 179 Extra"]
[Source "ChessBase"]
[SourceDate "2017.08.23"]
[SourceVersion "1"]
[SourceVersionDate "2017.08.23"]
[SourceQuality "1"]
[WhiteTeam "Boranlar Mersin Toyota"]
[BlackTeam "Denizli Metin Surmeli"]
[WhiteTeamCountry "TUR"]
[BlackTeamCountry "TUR"]

1. d4 d6 2. c4 g6 3. Nf3 Bg7 4. Nc3 e5 5. dxe5 dxe5 6. Qxd8+ Kxd8 7. Bg5+ f6 8. 0-0-0+ Bd7 9. Be3 Nh6 10. h3 Na6 11. g4 Nf7 12. Ne4 Ke7 13. Nc5 Nxc5 14. Bxc5+ Ke6 15. e4 Bh6+ 16. Kc2 Bc6 17. Bd3 Rad8 18. Rhe1 Rd7 19. Ng1 b6 20. Ba3 Rhd8 21. f3 Bf8 22. Bxf8 Rxf8 23. Rd2 Ke7 24. h4 Nd8 25. Red1 Ne6 26. Ne2 Rfd8 27. Kc3 a5 28. Bc2 Rxd2 29. Rxd2 Rxd2 30. Kxd2 Kd6 31. Kc3 Be8 32. a3 Bd7 33. Bd1 c5 34. Kd2 Nd4 35. Nc3 Be6 36. Kd3 f5 37. b3 Kc6 38. exf5 gxf5 39. gxf5 Bxf5+ 40. Ke3 Bg6 41. Nd5 Ne6 42. f4 exf4+ 43. Nxf4 Nxf4 44. Kxf4 Kd6 45. h5 Bd3 46. h6 Ke6 47. Bf3 Kf6 48. Bd5 Bc2 49. Bg8 Bxb3 50. Bxh7 Bxc4 51. Bc2 b5 52. h7 Kg7 53. Ke5 Ba2 54. Kd6 c4 55. Kc5 Bb3 56. Bb1 Ba4 57. Kb6 c3 58. Kxa5 1/2-1/2

[Event "TUR-chT 1st League"]
[Site "Konya"]
[Date "2017.07.18"]
[Round "2.8"]
[White "Kose, Serkan"]
[Black "Yildiz, Emre"]
[Result "0-1"]
[WhiteElo "2068"]
[BlackElo "1992"]
[PlyCount "89"]
[EventDate "2017.07.17"]
[EventType "team-swiss"]
[EventRounds "9"]
[EventCountry "TUR"]
[SourceTitle "CBM 179 Extra"]
[Source "ChessBase"]
[SourceDate "2017.08.23"]
[SourceVersion "1"]
[SourceVersionDate "2017.08.23"]
[SourceQuality "1"]
[WhiteTeam "Boranlar Mersin Toyota"]
[BlackTeam "Manisa Salihli Sardes"]
[WhiteTeamCountry "TUR"]
[BlackTeamCountry "TUR"]

1. e4 c5 2. Nf3 d6 3. c3 Nf6 4. Bd3 Nc6 5. Bc2 Bg4 6. h3 Bxf3 7. Qxf3 e6 8. 0-0 Be7 9. Rd1 Qc7 10. d3 0-0 11. Bf4 Qb6 12. b3 d5 13. Nd2 Qa5 14. b4 cxb4 15. e5 Nd7 16. Nb3 Qd8 17. d4 bxc3 18. a3 Rc8 19. Rd3 f6 20. Qg3 fxe5 21. dxe5 Nc5 22. Rf3 Rf7 23. Bh6 Qf8 24. Rxc3 Nxb3 25. Bxb3 Nd4 26. Rxc8 Qxc8 27. Bd1 Nf5 28. Qd3 Nxh6 29. Rb1 Bc5 30. Rb2 Qf8 31. Bf3 Nf5 32. Bg4 b6 33. a4 a5 34. Kh2 Nd4 35. Qg3 Qe8 36. Ra2 Nf5 37. Qd3 g6 38. Qd2 Qe7 39. Qd3 Qg5 40. g3 Qc1 41. Qb5 Qc4 42. Qe8+ Kg7 43. Re2 Nd4 44. Rb2 Qf1 45. f4 0-1

[Event "TUR-chT2"]
[Site "Konya"]
[Date "2014.06.25"]
[Round "4.9"]
[White "Kose, Serkan"]
[Black "Magalashvili, Davit"]
[Result "0-1"]
[WhiteElo "2091"]
[BlackElo "2515"]
[PlyCount "67"]
[EventDate "2014.06.23"]
[EventType "team-swiss"]
[EventRounds "9"]
[EventCountry "TUR"]
[SourceTitle "CBM 161 Extra"]
[Source "ChessBase"]
[SourceDate "2014.08.29"]
[SourceVersion "1"]
[SourceVersionDate "2014.08.29"]
[SourceQuality "1"]
[WhiteTeam "Antalya"]
[BlackTeam "Ataturk Univ"]
[WhiteTeamCountry "TUR"]
[BlackTeamCountry "TUR"]

1. e4 c5 2. Nf3 d6 3. c3 Nf6 4. Be2 g6 5. 0-0 Bg7 6. Re1 0-0 7. Bf1 Bg4 8. h3 Bxf3 9. Qxf3 Nc6 10. Na3 Nd7 11. d3 Rb8 12. Be3 b5 13. Nc2 b4 14. d4 bxc3 15. bxc3 Rb2 16. Rac1 Rxa2 17. e5 Qc7 18. exd6 exd6 19. Bc4 Rb2 20. Na3 Nb6 21. Bb5 Na5 22. dxc5 dxc5 23. Bf4 Qd8 24. Rcd1 Qf6 25. Bd6 Qxf3 26. gxf3 Ra8 27. Bxc5 Bxc3 28. Re3 Bb4 29. Bxb4 Rxb4 30. Bf1 Nc6 31. Kg2 Kf8 32. Rd6 Ne7 33. Re4 Rb3 34. Nb5 0-1

[Event "TUR-chT2"]
[Site "Konya"]
[Date "2014.06.24"]
[Round "2.11"]
[White "Erilli, Necati Alp"]
[Black "Kose, Serkan"]
[Result "0-1"]
[WhiteElo "1926"]
[BlackElo "2091"]
[PlyCount "104"]
[EventDate "2014.06.23"]
[EventType "team-swiss"]
[EventRounds "9"]
[EventCountry "TUR"]
[SourceTitle "CBM 161 Extra"]
[Source "ChessBase"]
[SourceDate "2014.08.29"]
[SourceVersion "1"]
[SourceVersionDate "2014.08.29"]
[SourceQuality "1"]
[WhiteTeam "Gercek"]
[BlackTeam "Antalya"]
[WhiteTeamCountry "TUR"]
[BlackTeamCountry "TUR"]

1. e4 e6 2. d4 d5 3. Nd2 Nf6 4. e5 Nfd7 5. Bd3 c5 6. c3 Nc6 7. Ne2 Qb6 8. Nf3 cxd4 9. cxd4 f6 10. exf6 Bb4+ 11. Bd2 Nxf6 12. 0-0 0-0 13. Bf4 Bd7 14. a3 Be7 15. b4 Rac8 16. Rc1 a6 17. h3 Na7 18. Ne5 Bb5 19. Bg5 Bd6 20. Bxb5 Qxb5 21. Nc3 Qe8 22. Re1 Bxe5 23. dxe5 Nd7 24. Nxd5 Rxc1 25. Bxc1 exd5 26. Qxd5+ Qf7 27. e6 Qxf2+ 28. Kh2 Nf6 29. Qd1 Nc6 30. Be3 Qa2 31. Bg5 Qd5 32. Qc1 Ne4 33. Bf4 Qxe6 34. Qe3 Qf5 35. Bc7 Nf6 36. Qb6 Qb5 37. Qe3 Qd5 38. Qc3 h6 39. Bg3 Ne4 40. Qe3 Nxg3 41. Qxg3 Qf5 42. Qb3+ Kh8 43. Rd1 Qf4+ 44. Kh1 b5 45. Qc3 Ne5 46. Re1 Nc4 47. Re6 Rf6 48. Re8+ Rf8 49. Re6 Nd2 50. Rxa6 Ne4 51. Qe1 Ng3+ 52. Kg1 Qd4+ 0-1

[Event "TUR-chT"]
[Site "Konya"]
[Date "2012.07.22"]
[Round "13"]
[White "Citak, Selim"]
[Black "Kose, Serkan"]
[Result "1/2-1/2"]
[WhiteElo "2357"]
[BlackElo "2117"]
[PlyCount "38"]
[EventDate "2012.07.11"]
[EventType "team-tourn"]
[EventRounds "13"]
[EventCountry "TUR"]
[SourceTitle "CBM 149 Extra"]
[Source "ChessBase"]
[SourceDate "2012.08.24"]
[SourceVersion "1"]
[SourceVersionDate "2012.08.24"]
[SourceQuality "1"]
[WhiteTeam "Besiktas Jimnastik"]
[BlackTeam "Antalya Deniz Genclik"]
[WhiteTeamCountry "TUR"]
[BlackTeamCountry "TUR"]

1. d4 e6 2. c4 d5 3. Nf3 Nf6 4. g3 c6 5. Nbd2 Bd6 6. Bg2 0-0 7. 0-0 Nbd7 8. Qc2 Re8 9. b3 e5 10. cxd5 cxd5 11. dxe5 Nxe5 12. Bb2 Nc6 13. Rfe1 Bg4 14. e4 Nb4 15. Qb1 Nxe4 16. Nxe4 dxe4 17. Rxe4 Qd7 18. Nd4 Bc5 19. a3 Rxe4 1/2-1/2

[Event "TUR-chT"]
[Site "Konya"]
[Date "2012.07.21"]
[Round "12"]
[White "Kose, Serkan"]
[Black "Yanik, Emine"]
[Result "1-0"]
[WhiteElo "2117"]
[BlackElo "1955"]
[PlyCount "81"]
[EventDate "2012.07.11"]
[EventType "team-tourn"]
[EventRounds "13"]
[EventCountry "TUR"]
[SourceTitle "CBM 149 Extra"]
[Source "ChessBase"]
[SourceDate "2012.08.24"]
[SourceVersion "1"]
[SourceVersionDate "2012.08.24"]
[SourceQuality "1"]
[WhiteTeam "Antalya Deniz Genclik"]
[BlackTeam "Denizli Pamukkale Uni"]
[WhiteTeamCountry "TUR"]
[BlackTeamCountry "TUR"]

1. e4 d5 2. Nc3 c6 3. Nf3 dxe4 4. Nxe4 Bf5 5. Ng3 Bg6 6. h4 h6 7. Bc4 Nd7 8. h5 Bh7 9. Qe2 Ngf6 10. d3 e6 11. Bd2 Be7 12. 0-0-0 0-0 13. Ne4 b5 14. Bb3 a5 15. Nd4 Qb6 16. Bxe6 Qxd4 17. Bc3 Qa7 18. Bxd7 Qxd7 19. Rh3 Nd5 20. Bd2 f5 21. Ng3 Bf6 22. c3 b4 23. c4 Nb6 24. Kb1 Rfe8 25. Qf3 Qd4 26. Bc1 a4 27. Ne2 Qe5 28. Nf4 c5 29. Qc6 Rab8 30. Re3 Rec8 31. Qb5 Qc7 32. Rde1 Qf7 33. Qa6 Bg5 34. Re6 Qc7 35. g3 a3 36. b3 Nd7 37. Nd5 Qb7 38. Qxb7 Rxb7 39. Bxg5 Nf8 40. Re7 Rcb8 41. Bf4 1-0

[Event "TUR-chT"]
[Site "Konya"]
[Date "2011.07.08"]
[Round "12"]
[White "Kose, Serkan"]
[Black "Duman, Aydin"]
[Result "1/2-1/2"]
[WhiteElo "2150"]
[BlackElo "2188"]
[PlyCount "21"]
[EventDate "2011.06.28"]
[EventType "team-swiss"]
[EventRounds "13"]
[EventCountry "TUR"]
[SourceTitle "CBM 143 Extra"]
[Source "ChessBase"]
[SourceDate "2011.08.29"]
[SourceVersion "1"]
[SourceVersionDate "2011.08.29"]
[SourceQuality "1"]
[WhiteTeam "Deniz Genclik"]
[BlackTeam "Mersin Ezgi"]
[WhiteTeamCountry "TUR"]
[BlackTeamCountry "TUR"]

1. e4 c5 2. c3 g6 3. d4 cxd4 4. cxd4 d5 5. exd5 Nf6 6. Nf3 Nxd5 7. Be2 Bg7 8. 0-0 Nc6 9. h3 0-0 10. Nc3 Bf5 11. Be3 1/2-1/2

[Event "TUR-chT"]
[Site "Konya"]
[Date "2011.07.01"]
[Round "4"]
[White "Afyoncu, Omer"]
[Black "Kose, Serkan"]
[Result "1-0"]
[WhiteElo "2112"]
[BlackElo "2150"]
[PlyCount "119"]
[EventDate "2011.06.28"]
[EventType "team-swiss"]
[EventRounds "13"]
[EventCountry "TUR"]
[SourceTitle "CBM 143 Extra"]
[Source "ChessBase"]
[SourceDate "2011.08.29"]
[SourceVersion "1"]
[SourceVersionDate "2011.08.29"]
[SourceQuality "1"]
[WhiteTeam "Yesilkoy"]
[BlackTeam "Deniz Genclik"]
[WhiteTeamCountry "TUR"]
[BlackTeamCountry "TUR"]

1. e4 c5 2. Nf3 d6 3. d4 cxd4 4. Nxd4 Nf6 5. Nc3 g6 6. Be3 Bg7 7. f3 0-0 8. Qd2 Nc6 9. Bc4 Bd7 10. h4 Rc8 11. Bb3 Qa5 12. 0-0-0 Ne5 13. Kb1 Nc4 14. Bxc4 Rxc4 15. Nb3 Qc7 16. h5 Be6 17. hxg6 fxg6 18. Nb5 Qd7 19. N5d4 Rfc8 20. g4 Bxg4 21. fxg4 Nxe4 22. Qh2 Nf6 23. g5 Nh5 24. c3 e5 25. Nc2 d5 26. Na3 Rg4 27. Rhg1 d4 28. cxd4 exd4 29. Bc1 Re4 30. Qf2 Nf4 31. Bxf4 Qf5 32. Qd2 Rxf4+ 33. Qd3 Qd5 34. Qb5 Qe4+ 35. Ka1 Rf5 36. Qd7 Re8 37. Nc4 Re7 38. Qd8+ Rf8 39. Qd6 b5 40. Na3 Rf5 41. Qb4 Qb7 42. Nc2 Rd7 43. Nc5 Rxc5 44. Qxc5 Rc7 45. Qd6 Rxc2 46. Qd8+ Bf8 47. Rgf1 Qe7 48. Qd5+ Kg7 49. Rde1 Qc5 50. Qf7+ Kh8 51. Qxf8+ Qxf8 52. Rxf8+ Kg7 53. Rd8 Kf7 54. Rd7+ Kf8 55. Rxd4 Rc5 56. Rd8+ Kf7 57. Rd7+ Kf8 58. Rg1 a5 59. Rxh7 b4 60. Kb1 1-0

[Event "TUR-ch"]
[Site "Kemer"]
[Date "2011.02.11"]
[Round "8"]
[White "Kose, Serkan"]
[Black "Yalcin, Ozgun"]
[Result "1-0"]
[WhiteElo "2183"]
[BlackElo "1878"]
[PlyCount "71"]
[EventDate "2011.02.05"]
[EventType "swiss"]
[EventRounds "10"]
[EventCountry "TUR"]
[SourceTitle "CBM 140 Extra"]
[Source "ChessBase"]
[SourceDate "2011.03.01"]
[SourceVersion "1"]
[SourceVersionDate "2011.03.01"]
[SourceQuality "1"]

1. e4 c6 2. d4 d5 3. e5 Bf5 4. Bd3 Bxd3 5. Qxd3 e6 6. f4 Nh6 7. Ne2 Qa5+ 8. c3 Qa6 9. Qf3 Nd7 10. 0-0 Nf5 11. Be3 Qd3 12. Bc1 Qxf3 13. Rxf3 c5 14. g4 Nh4 15. Rh3 Be7 16. Nd2 h5 17. Rxh4 Bxh4 18. g5 Bxg5 19. fxg5 Rc8 20. Nf3 cxd4 21. Nexd4 g6 22. Nb5 0-0 23. Be3 a6 24. Nd6 Rc7 25. Rf1 Nc5 26. Bd4 b5 27. Ne1 Na4 28. Nd3 Rb8 29. Rc1 b4 30. Kg2 a5 31. Kf3 b3 32. Ra1 bxa2 33. Rxa2 Nb6 34. Rxa5 Nc4 35. Ra2 Rb3 36. Ra8+ 1-0

[Event "TUR-ch"]
[Site "Kemer"]
[Date "2011.02.05"]
[Round "1"]
[White "Sahin, Huseyin"]
[Black "Kose, Serkan"]
[Result "1-0"]
[WhiteElo "1913"]
[BlackElo "2183"]
[PlyCount "101"]
[EventDate "2011.02.05"]
[EventType "swiss"]
[EventRounds "10"]
[EventCountry "TUR"]
[SourceTitle "CBM 140 Extra"]
[Source "ChessBase"]
[SourceDate "2011.03.01"]
[SourceVersion "1"]
[SourceVersionDate "2011.03.01"]
[SourceQuality "1"]

1. d4 e6 2. e3 d5 3. f4 c5 4. Nf3 Nc6 5. c3 Nf6 6. Bd3 Bd6 7. 0-0 0-0 8. Ne5 Ne4 9. Bxe4 dxe4 10. Nd2 f5 11. Ndc4 Qc7 12. d5 Nxe5 13. fxe5 Bxe5 14. d6 Bxd6 15. Qxd6 Qxd6 16. Nxd6 Rd8 17. Nxc8 Raxc8 18. Kf2 Rd3 19. Ke2 Rcd8 20. h3 c4 21. a4 a5 22. g4 g6 23. Ra3 R8d7 24. b4 b6 25. bxa5 bxa5 26. Ra2 h5 27. Rd2 hxg4 28. hxg4 Rh7 29. Rf2 Rh3 30. Rc2 fxg4 31. Bd2 g3 32. Rg2 Rd5 33. Rc1 Rg5 34. Rcg1 Rh2 35. Be1 Kf7 36. Bxg3 Rxg3 37. Rf1+ Ke7 38. Rxh2 Rg5 39. Rh7+ Kd6 40. Rh4 Ke5 41. Rff4 Rg2+ 42. Kf1 Rc2 43. Rxe4+ Kf5 44. Rxc4 g5 45. Rc5+ e5 46. e4+ Kg6 47. Rc6+ Kg7 48. Rg4 Kf7 49. Rxg5 Ra2 50. Rxe5 Kg7 51. Rxa5 1-0

[Event "TUR-ch"]
[Site "Safranbolu"]
[Date "2009.03.29"]
[Round "5"]
[White "Kose, Serkan"]
[Black "Isik, Engin Yasar"]
[Result "1-0"]
[WhiteElo "2201"]
[BlackElo "2177"]
[PlyCount "89"]
[EventDate "2009.03.25"]
[EventType "tourn"]
[EventRounds "13"]
[EventCountry "TUR"]
[SourceTitle "CBM 129 Extra"]
[Source "ChessBase"]
[SourceDate "2009.05.05"]
[SourceVersion "2"]
[SourceVersionDate "2009.05.20"]
[SourceQuality "1"]

1. e4 Nf6 2. e5 Nd5 3. d4 d6 4. Nf3 g6 5. c4 Nb6 6. exd6 cxd6 7. b3 Bg7 8. Bb2 Nc6 9. Be2 0-0 10. 0-0 Bg4 11. h3 Bxf3 12. Bxf3 d5 13. c5 Nc8 14. Qd2 e6 15. b4 Qh4 16. Rd1 b6 17. b5 Na5 18. Na3 Nb7 19. Rac1 Bh6 20. Qc3 Bxc1 21. Bxc1 Ne7 22. Nc2 bxc5 23. dxc5 f5 24. Bb2 Kf7 25. Re1 Nd8 26. c6 Rc8 27. c7 Nb7 28. Bxd5 exd5 29. Qg7+ Ke8 30. g3 Qe4 31. Rxe4 fxe4 32. Ba3 Rxc7 33. Qe5 Rd7 34. Nd4 Nd8 35. Nc6 Rf5 36. Qh8+ Rf8 37. Qxh7 Rf7 38. Qh8+ Rf8 39. Qg7 Rf7 40. Qh8+ Rf8 41. Qh6 Ndxc6 42. bxc6 Rc7 43. Qg7 Rf7 44. Qh8+ Rf8 45. Qe5 1-0

[Event "TUR-ch"]
[Site "Safranbolu"]
[Date "2009.03.28"]
[Round "4"]
[White "Yilmazyerli, Mert"]
[Black "Kose, Serkan"]
[Result "1/2-1/2"]
[WhiteElo "2224"]
[BlackElo "2201"]
[PlyCount "118"]
[EventDate "2009.03.25"]
[EventType "tourn"]
[EventRounds "13"]
[EventCountry "TUR"]
[SourceTitle "CBM 129 Extra"]
[Source "ChessBase"]
[SourceDate "2009.05.05"]
[SourceVersion "2"]
[SourceVersionDate "2009.05.20"]
[SourceQuality "1"]

1. e4 c5 2. b3 e6 3. Bb2 d5 4. Bb5+ Bd7 5. Qe2 dxe4 6. Nc3 Nf6 7. Nxe4 Nxe4 8. Bxd7+ Nxd7 9. Qxe4 Qc7 10. Nf3 0-0-0 11. 0-0-0 Nf6 12. Qa4 Kb8 13. Rhe1 Bd6 14. Kb1 Ka8 15. Ne5 Nd5 16. Nc4 Rhg8 17. Nxd6 Qxd6 18. Qe4 Qxh2 19. Rh1 Qf4 20. Qxf4 Nxf4 21. Rxh7 f6 22. g3 Nd5 23. Re1 e5 24. a3 Rd7 25. c4 Ne7 26. f4 Nc6 27. fxe5 fxe5 28. Bc3 a6 29. Re4 b5 30. cxb5 axb5 31. b4 cxb4 32. axb4 Kb7 33. Rg4 Re7 34. Kc2 Kc7 35. Kd3 Rd8+ 36. Ke4 Rdd7 37. Rg5 Nxb4 38. Rgxg7 Rxg7 39. Rxg7 Nc6 40. Rxd7+ Kxd7 41. Bxe5 Ke6 42. Bb2 b4 43. g4 Na5 44. d3 Nb7 45. d4 Nd6+ 46. Kd3 Kf6 47. Bc1 b3 48. Bf4 b2 49. Kc2 Nb5 50. Be5+ Kg5 51. d5 Na3+ 52. Kxb2 Nc4+ 53. Kc3 Nxe5 54. Kd4 Nd7 55. d6 Kxg4 56. Kd5 Kf5 57. Kc6 Ke6 58. Kc7 Ne5 59. d7 Nxd7 1/2-1/2

[Event "Mediterranean-ch 6th"]
[Site "Antalya"]
[Date "2009.01.17"]
[Round "9"]
[White "Kose, Serkan"]
[Black "Ersahin, Bulent"]
[Result "0-1"]
[WhiteElo "2201"]
[BlackElo "2127"]
[PlyCount "70"]
[EventDate "2009.01.11"]
[EventType "swiss"]
[EventRounds "9"]
[EventCountry "TUR"]
[SourceTitle "CBM 128 Extra"]
[Source "ChessBase"]
[SourceDate "2009.03.05"]
[SourceVersion "2"]
[SourceVersionDate "2009.03.25"]
[SourceQuality "1"]

1. e4 c5 2. c3 d6 3. d4 Nf6 4. dxc5 Nc6 5. Bb5 Nxe4 6. cxd6 Nxd6 7. Bxc6+ bxc6 8. Ne2 e6 9. 0-0 Be7 10. Nd4 Bb7 11. Bf4 0-0 12. Nd2 c5 13. N4f3 Qb6 14. Re1 Rad8 15. Qc2 Qc6 16. Re5 Bf6 17. Re2 Nf5 18. Ne4 Be7 19. Ne5 Qa6 20. Nf3 Rd5 21. g4 Nh4 22. Nxh4 Bxh4 23. c4 Rd4 24. b3 Qc6 25. f3 f5 26. Bg3 Bxg3 27. Nxg3 fxg4 28. Rf2 Rxf3 29. Rxf3 gxf3 30. Kf2 Qd6 31. Nf1 Qf4 32. Qb2 Qh4+ 33. Kg1 Qg5+ 34. Ng3 Rd2 35. Qc3 Rxh2 0-1

[Event "Mediterranean-ch 6th"]
[Site "Antalya"]
[Date "2009.01.13"]
[Round "5"]
[White "Kose, Serkan"]
[Black "Berke, Ana"]
[Result "1-0"]
[WhiteElo "2201"]
[BlackElo "2081"]
[PlyCount "133"]
[EventDate "2009.01.11"]
[EventType "swiss"]
[EventRounds "9"]
[EventCountry "TUR"]
[SourceTitle "CBM 128 Extra"]
[Source "ChessBase"]
[SourceDate "2009.03.05"]
[SourceVersion "2"]
[SourceVersionDate "2009.03.25"]
[SourceQuality "1"]

1. e4 c5 2. c3 Nf6 3. e5 Nd5 4. d4 cxd4 5. cxd4 Nc6 6. Nf3 d6 7. Bc4 Nb6 8. Bb5 dxe5 9. Nxe5 Bd7 10. Bxc6 Bxc6 11. Nxc6 bxc6 12. 0-0 g6 13. Be3 Bg7 14. Nc3 0-0 15. Rc1 Nd5 16. Qf3 Rc8 17. Ne4 Qb6 18. Nc5 Qxb2 19. a4 Qa2 20. Qe4 Nxe3 21. fxe3 Qd5 22. Qg4 e6 23. Kh1 Rb8 24. e4 Qd8 25. d5 cxd5 26. exd5 Qxd5 27. Rfd1 Qf5 28. Qxf5 gxf5 29. Nd7 Rbd8 30. Nxf8 Rxd1+ 31. Rxd1 Bxf8 32. Rd8 Kg7 33. g3 Bc5 34. Kg2 e5 35. a5 Kf6 36. Rc8 Bd4 37. Rc6+ Kg7 38. Kf3 f6 39. a6 Kg6 40. Rc8 Bb6 41. Rg8+ Kf7 42. Rh8 Kg7 43. Rc8 h6 44. Rc6 Bd4 45. Rc7+ Kg6 46. Rd7 Bc5 47. Rd8 Bb6 48. Rg8+ Kf7 49. Rb8 e4+ 50. Ke2 Bc5 51. Rb5 Bg1 52. Kf1 Bd4 53. Rxf5 Ke6 54. Rh5 Be3 55. Ke2 Bd4 56. Rxh6 Kf5 57. Rh5+ Kg4 58. Rh7 f5 59. Rd7 Bg1 60. Kf1 Be3 61. Kg2 Bc5 62. h3+ Kg5 63. Rd5 Bb6 64. Kf1 Be3 65. Ke2 Bb6 66. g4 Kh4 67. gxf5 1-0

[Event "Mediterranean-ch 6th"]
[Site "Antalya"]
[Date "2009.01.13"]
[Round "4"]
[White "Mijovic, Stefan"]
[Black "Kose, Serkan"]
[Result "1-0"]
[WhiteElo "2300"]
[BlackElo "2201"]
[PlyCount "131"]
[EventDate "2009.01.11"]
[EventType "swiss"]
[EventRounds "9"]
[EventCountry "TUR"]
[SourceTitle "CBM 128 Extra"]
[Source "ChessBase"]
[SourceDate "2009.03.05"]
[SourceVersion "2"]
[SourceVersionDate "2009.03.25"]
[SourceQuality "1"]

1. e4 e6 2. d4 d5 3. Nd2 Nf6 4. e5 Nfd7 5. Bd3 c5 6. c3 Nc6 7. Ne2 Qb6 8. Nf3 cxd4 9. cxd4 f6 10. exf6 Bb4+ 11. Bd2 Nxf6 12. 0-0 0-0 13. Bxb4 Qxb4 14. Qc2 Qd6 15. a3 Kh8 16. Bb5 Ng4 17. h3 Rxf3 18. hxg4 Rf7 19. Rac1 e5 20. Bxc6 bxc6 21. Qxc6 Qxc6 22. Rxc6 Bxg4 23. f3 Bd7 24. Rd6 Bb5 25. Re1 e4 26. fxe4 dxe4 27. Nc3 Bd3 28. Re6 Raf8 29. Nxe4 h6 30. Nc5 Bc4 31. Re8 Rxe8 32. Rxe8+ Kh7 33. b3 Rf1+ 34. Kh2 Bd5 35. Re5 Ba8 36. Ne6 Kg6 37. Nc7 Bb7 38. d5 Rd1 39. Re7 a5 40. Rd7 Kf5 41. Rf7+ Kg6 42. Rd7 Kf5 43. Rxg7 Bxd5 44. Nxd5 Rxd5 45. Rb7 Ke4 46. b4 Kd3 47. bxa5 Rxa5 48. Rb3+ Ke4 49. Rh3 Kf4 50. a4 Kg4 51. Ra3 Kh4 52. Kg1 Kg4 53. Kf2 h5 54. Ke2 Kf4 55. Kd2 h4 56. Kc3 Rg5 57. Ra2 Kg3 58. a5 Rxa5 59. Rxa5 Kxg2 60. Rg5+ Kf2 61. Rh5 Kg3 62. Kd3 h3 63. Ke2 Kg2 64. Rg5+ Kh1 65. Kf3 h2 66. Ra5 1-0

[Event "Mediterranean-ch 6th"]
[Site "Antalya"]
[Date "2009.01.11"]
[Round "1"]
[White "Kose, Serkan"]
[Black "El Gindy, Essam"]
[Result "1/2-1/2"]
[WhiteElo "2201"]
[BlackElo "2526"]
[PlyCount "82"]
[EventDate "2009.01.11"]
[EventType "swiss"]
[EventRounds "9"]
[EventCountry "TUR"]
[SourceTitle "CBM 128 Extra"]
[Source "ChessBase"]
[SourceDate "2009.03.05"]
[SourceVersion "2"]
[SourceVersionDate "2009.03.25"]
[SourceQuality "1"]

1. e4 c5 2. c3 e6 3. d4 d5 4. exd5 exd5 5. Nf3 Nc6 6. Be2 Bd6 7. 0-0 Nge7 8. dxc5 Bxc5 9. Nbd2 0-0 10. Nb3 Bd6 11. Bg5 a6 12. h3 Qc7 13. Nbd4 Ng6 14. Bd3 Bf4 15. Bxf4 Nxf4 16. Re1 Bd7 17. Qc2 g6 18. Re3 Rfe8 19. Rae1 Rxe3 20. Rxe3 Na5 21. Ne5 Re8 22. Ng4 Rxe3 23. Nxe3 Qe5 24. Ne2 Be6 25. Nxf4 Qxf4 26. Be2 d4 27. cxd4 Qxd4 28. Bf3 h5 29. Qc7 b6 30. b3 Kg7 31. Kh2 Qc5 32. Qf4 Nc6 33. Bxc6 Qxc6 34. Qd4+ Kf8 35. Qd8+ Kg7 36. Qd4+ f6 37. g3 Bc8 38. Qd8 Bb7 39. Qe7+ Kg8 40. f3 h4 41. gxh4 Qxf3 1/2-1/2

[Event "Wch U18"]
[Site "Kemer"]
[Date "2007.11.25"]
[Round "8"]
[White "Kose, Serkan"]
[Black "Gator, Mosab"]
[Result "0-1"]
[WhiteElo "2173"]
[BlackElo "1933"]
[PlyCount "88"]
[EventDate "2007.11.18"]
[EventType "swiss"]
[EventRounds "11"]
[EventCountry "TUR"]
[SourceTitle "CBM 121 Extra"]
[Source "ChessBase"]
[SourceDate "2008.01.10"]
[SourceVersion "1"]
[SourceVersionDate "2008.01.10"]
[SourceQuality "1"]

1. e4 c5 2. Nf3 d6 3. d4 cxd4 4. Nxd4 Nf6 5. Nc3 g6 6. Be3 Bg7 7. f3 Nc6 8. Qd2 0-0 9. Bc4 Bd7 10. 0-0-0 Rc8 11. Bb3 Ne5 12. h4 h5 13. Bh6 Nc4 14. Bxc4 Rxc4 15. Bxg7 Kxg7 16. Qe2 Qc7 17. Ndb5 Qc5 18. Na3 Rxc3 19. bxc3 Qxa3+ 20. Kd2 Rc8 21. Qd3 Qc5 22. Qd4 e5 23. Qxc5 Rxc5 24. Kc1 Ne8 25. Kb2 Be6 26. a3 Rc6 27. Rdg1 Nf6 28. Re1 Nd7 29. Reg1 Nc5 30. g4 hxg4 31. fxg4 Nxe4 32. h5 Nf2 33. h6+ Kh7 34. g5 Nxh1 35. Rxh1 Rc4 36. Rf1 d5 37. Re1 Re4 38. Rb1 Rg4 39. Ka1 b6 40. Rb5 Rxg5 41. a4 Rg4 42. Rb1 Rxa4+ 43. Kb2 f5 44. Rh1 g5 0-1

[Event "Wch U18"]
[Site "Kemer"]
[Date "2007.11.22"]
[Round "5"]
[White "Ertan, Can"]
[Black "Kose, Serkan"]
[Result "1-0"]
[WhiteElo "1972"]
[BlackElo "2173"]
[PlyCount "75"]
[EventDate "2007.11.18"]
[EventType "swiss"]
[EventRounds "11"]
[EventCountry "TUR"]
[SourceTitle "CBM 121 Extra"]
[Source "ChessBase"]
[SourceDate "2008.01.10"]
[SourceVersion "1"]
[SourceVersionDate "2008.01.10"]
[SourceQuality "1"]

1. e4 e5 2. Nf3 Nc6 3. Bb5 a6 4. Ba4 Nf6 5. 0-0 Be7 6. Re1 d6 7. c3 Bg4 8. h3 Bh5 9. d3 0-0 10. Nbd2 b5 11. Bb3 Na5 12. Bc2 c5 13. Nf1 Nc6 14. Ne3 Bxf3 15. Qxf3 d5 16. Nf5 d4 17. Bb3 Ne8 18. Qg3 Kh8 19. f4 exf4 20. Bxf4 g6 21. Nxe7 Qxe7 22. Bd5 Rc8 23. Rf1 dxc3 24. bxc3 Nd8 25. Bh6 Ng7 26. Bg5 Qd7 27. Qh4 Nde6 28. Be7 Rfe8 29. Rxf7 g5 30. Qh6 Rg8 31. Raf1 Nf4 32. Bf6 Qxf7 33. Bxf7 Rcf8 34. Bxg8 Rxg8 35. Qxg5 Nfe6 36. Qh5 Re8 37. Qf7 Rg8 38. Qxe6 1-0